000 00685nam a2200217 a 4500
001 21721
003 CO-ViMGA
008 141112s2004 ck r 000 u spa d
020 _a8426132995
040 _aCO-ViMGA
_bspa
_cCO-ViMGA
082 0 4 _aGEIt
100 1 _aGeisler, Dagmar
_931001
245 1 0 _aMax tiene un triciclo
260 _aBarcelona :
_bJuventud,
_c2002
300 _a12
590 _aForma de adquisición : Donación fact. 8857 - - Precio : 26000 - - Proveedor : Fundación exito - - Fecha de adquisición : Julio 2007
650 1 4 _aCUENTOS INFANTILES
_92743
650 1 4 _aLIBROS ILUSTRADOS PARA NIÑOS
_92001
650 1 4 _aOSOS - ALBUMES
_931002
942 _2ddc
_cBK
999 _c30280
_d30280